00707nam a2200193 a 450000100100000000500170001000800410002704000250006810000250009324500410011826000410015930000340020049000160023474000350025083000240028504900090030995201780031899900170049600003582620200930074638.0111115s1959 fr ab 000 0 spa d aDO-SdBNPbspacBNPHU1 aAlba, André96179210aLes temps modernes /cAndrés Alba. aParis :bClassiques Hachette,c1959. a555 p. :bil., map. ;c22 cm.1 aHistoirev30 aCurso de historia Jules Isaac. 0aHistoiresv3961793 aBNPD 001050718MOaGRbGRcCTd2011-11-15iLF1l0o p35826-10r2020-06-25w2020-06-25y1zPerteneció a la biblioteca personal de Juan Isidro Jimenes Grullón.ZNo se presta c35317d35317